01222nab a22002417a 4500999001500000003000400015005001700019008004100036040000700077100002800084245011200112300001200224500003800236505023800274505010700512650002800619650005500647650003600702650003800738650003500776773015600811942001300967 c6238d6238OSt20260127181308.0190514b xxu||||| |||| 00| 0 spa d cPJ 95823aLaffitte, Sofía10aGestación por sustitución :bturismo reproductivo e interés superior del niño /cSofía Laffitte.  ap. 9-12 aCita: TR LALEY AR/DOC/1593/2025.  aSumario: I. Introducción.— II. Contextualización.— III. Caso en marras.— IV. Fundamentos del fallo.— V. Palabras finales. IX. Los nuevos tipos de familia y el principio de solidaridad familiar.— X. Reflexiones finales. tFallo comentado: CNCiv., sala B ~ 19/03/2025 ~ V. E. B., W. G. L. E. y otros s/ medidas precautorias. 09967aDERECHO DE FAMILIA 094292aTÉCNICAS DE REPRODUCCIÓN HUMANA ASISTIDA 094486aGESTACION POR SUSTITUCION 094097aINTERES SUPERIOR DEL NIÑO 091057aJURISPRUDENCIA APLICABLE0 0284493222dBuenos Aires : AbeledoPerrot, 1989-tDerecho de familia. Revista Interdisciplinaria de doctrina y jurisprudencia. Agosto 2025-IV.z18511201 2udccANA